000 005530000a22001810004500
003 MACL
005 20160420130045.0
008 160420b xxu||||| |||| 00| 0 eng d
040 _aMACL
_cMACL
041 _aHindi
082 _a181
100 _aविवेकानन्‍द स्‍वामी
_936998
245 _aभक्ति योग
260 _bटाईम स्‍टार पब्लिकेशन
_c2001
_aनई दिल्‍ली
350 _a300
650 _aOriential Philisophy
_948397
942 _cHIN
_k181
_2ddc
999 _c9525
_d9525